| 000 | 00494nam a22001817a 4500 | ||
|---|---|---|---|
| 003 | CEME | ||
| 005 | 20210628205208.0 | ||
| 008 | 210215b xxu||||| |||| 00| 0 eng d | ||
| 020 | _a81-224-0540-1 | ||
| 040 | _c. | ||
| 082 | _a513.5 JAI'N | ||
| 100 |
_aJain, M. K Jain, R. K Iyengar, S. R. K _974375 |
||
| 245 | _aNumerical methods for scientific and engineering computation | ||
| 250 | _a3RD | ||
| 260 |
_aNEWDELHI _bNEW AGE INTERNATIONAL _c1993 |
||
| 300 | _aXI, 454P | ||
| 942 |
_cBK _2ddc |
||
| 999 |
_c579909 _d579909 |
||